Imunita a hlava štátu z hľadiska medzinárodného práva
Problematika imunity, s dôrazom na postavenie hlavy štátu, a to na úrovni medzinárodného práva, ktoré sa v danej oblasti mení pod vplyvom vyvíjajúcich sa zásad práva ius cogenes. Najvyššia ochrana, nedotknutosť a imunita. Príklad národnej právnej úpravy Foreign sovereign immunities act 1976, USA.
Salvato in:
| Autore principale: | |
|---|---|
| Natura: | Capitolo di libro |
| Lingua: | slovacco |
| Soggetti: | |
| Tags: |
Nessun Tag, puoi essere il primo ad aggiungerne!!
|
MARC
| LEADER | 00000naa$a2200000$$$4500 | ||
|---|---|---|---|
| 001 | 0003777 | ||
| 005 | 20230929081211.2 | ||
| 041 | 0 | |a slo | |
| 044 | |a SK | ||
| 245 | 1 | 0 | |a Imunita a hlava štátu z hľadiska medzinárodného práva |c aut. Katarína Galdunová |
| 520 | |a Problematika imunity, s dôrazom na postavenie hlavy štátu, a to na úrovni medzinárodného práva, ktoré sa v danej oblasti mení pod vplyvom vyvíjajúcich sa zásad práva ius cogenes. Najvyššia ochrana, nedotknutosť a imunita. Príklad národnej právnej úpravy Foreign sovereign immunities act 1976, USA. | ||
| 610 | 2 | 0 | |a právo medzinárodné |
| 610 | 2 | 0 | |a suverenita |
| 610 | 2 | 0 | |a nezávislosť |
| 610 | 2 | 0 | |a vzťahy politické medzinárodné |
| 610 | 2 | 0 | |a štát |
| 610 | 2 | 0 | |a prezidenti |
| 100 | 1 | |a Galdunová, Katarína | |